Generator Puzzle #53 - Statistics

General Stats
  • This quiz has been taken 156 times
  • The average score is 15 of 21
Answer Stats
word % Correct
blood pumping organ heart
100%
speed contest race
99%
paintings, sculpture, etc art
98%
consume eat
95%
rabbit-like animal hare
95%
warmth heat
92%
The ______in the Rye by JD Salinger Catcher
91%
4047 square meters acre
84%
impart knowledge to teach
84%
unit to measure gemstone mass carat
80%
gain unfair advantage cheat
80%
respond to react
69%
attempt to vomit retch
68%
circular depression at a volcano's summit crater
61%
who Sagittarius is archer
60%
windpipe trachea
58%
hole-in-one ace
53%
male deer over 5 years old hart
53%
tea in French thé
51%
CHARACTER
40%
the Greeks call it Γαία Earth
27%
No matching quizzes found
Score Distribution
Percent of People with Each Score
Percentile by Number Answered
Your Score History
You have not taken this quiz